000 00515nam a2200193Ia 4500
005 20250508151126.0
008 008 250505s9999 xx 000 0 eng d
037 _aTextual
040 _aFEDL
_beng
_cFEDL
041 _aeng
_2eng
084 _a294.5923, RAJ
_qFEDL
100 _aRajagopalachari C.
245 0 _aMahabharata
260 _aBombay, India
_bBharatiya Vidya Bhavan
_c1953
300 _a361p.
650 _aHinduism
942 _cTEXL
_h294.5923, RAJ
999 _c1327734
_d1327734